00586nam a2200193Ia 4500003000900000008004100009040001600050080001600066100002500082245005300107250001200160260002400172300001500196650001100211650001600222942000700238999001500245952013200260IN-BaIIA211028s9999 xx 000 0 eng d cIIA Library a535.31bLON aLonghurst,R.S.93438 0aGeometrical and physical opticscR. S. Longhurst a2nd ed. aLondonbGreenc1968 axvi, 592p. aOptics aPhysics973 cBK c4296d4296 00104070aBANbBANcGENd1973-09-10g40.50l1m1o535.31/ LONp4795r2023-08-14s2023-03-17v40.50w1973-09-10yBKGRs. 40.50